000
00316nam a2200109Ia 4500
008
160609s9999 xx 000 0 und d
100
_a
Richardson, Jance.
245
_a
Law And The Philosophy Of Privacy
245
_c
By:Janice Richardson
260
_c
2015
856
_u
http://file.ebook777.com/LawAndThePhiOfPri.pdf
999
_c
295656
_d
295656